000 00575nam a2200181 i 4500
001 87315
003 ES-MaACL
007 t|
008 041221s1974 sp ||||1| spa d
100 1 _aKranz, Ludwig.
_968737
245 1 3 _aLa caida de un presidente
_b: watergate /
_cLudwig Kranz y Alan Giraud ; [traducción de P. Guirao y E. Sánchez].
260 _aBarcelona :
_bPetronio,
_c[1974]
300 _a431 p., 14 lám. ;
_c21 cm.
700 1 _aGiraud, Alan.
_957239
700 1 _aGuirao, P.
_960884
700 1 _aSánchez, E.
_9102353
852 _aES-MaACL
_jE-5803
_bR.90284
999 _c87315
_d87315